Compact cities (Record no. 156803)
[ view plain ]
| 000 -LEADER | |
|---|---|
| fixed length control field | 01642nam a2200349Ia 4500 |
| 082 04 - DEWEY DECIMAL CLASSIFICATION NUMBER | |
| Classification number | 711.4091724 |
| 245 00 - TITLE STATEMENT | |
| Title | Compact cities |
| 260 ## - PUBLICATION, DISTRIBUTION, ETC. (IMPRINT) | |
| Place of publication | London ; |
| -- | New York : |
| Name of publisher | E. & F.N. Spon, |
| Year of publication | c2000. |
| 300 ## - PHYSICAL DESCRIPTION | |
| Number of Pages | xi, 356 p. : |
| Other physical details | ill., maps. |
| 520 ## - SUMMARY, ETC. | |
| Summary, etc | This new book examines and evaluates the merits and defects of compact city approaches in the context of developing countries. Issues of theory, policy and practice relating to sustainability of urban form are examined by a wide range of contributors. |
| 650 #0 - SUBJECT ADDED ENTRY--TOPICAL TERM | |
| Topical Term | Sociology, Urban |
| Topical Term | Cities and towns |
| Topical Term | City planning |
| Topical Term | Sustainable development |
| 700 1# - ADDED ENTRY--PERSONAL NAME | |
| Personal name | Jenks, M. |
| Personal name | Burgess, Rod. |
| 856 40 - ELECTRONIC LOCATION AND ACCESS | |
| Uniform Resource Identifier | http://site.ebrary.com/lib/rucke/Doc?id=10062752 |
No items available.
